The case of the daring decoy
Gorde:
| Egile nagusia: | |
|---|---|
| Formatua: | Liburua |
| Hizkuntza: | Undetermined |
| Argitaratua: |
New York, Estados Unidos
Pocket Books
1970
|
| Edizioa: | 7 |
| Gaiak: | |
| Etiketak: |
Etiketa erantsi
Etiketarik gabe, Izan zaitez lehena erregistro honi etiketa jartzen!
|
MARC
| LEADER | 00000nam a2200000Ia 4500 | ||
|---|---|---|---|
| 008 | 170316s9999 xx 000 0 und d | ||
| 040 | |a cru BVZT | ||
| 090 | |a 810 G-7c | ||
| 100 | |a Gardner, Erle Stanley | ||
| 245 | 4 | |a The case of the daring decoy | |
| 250 | |a 7 | ||
| 260 | |a New York, Estados Unidos | ||
| 260 | |b Pocket Books | ||
| 260 | |c 1970 | ||
| 300 | |a 213 páginas | ||
| 650 | |a LITERATURA ESTADOUNIDENSE | ||
| 999 | |c 5684 |d 5684 | ||
| 942 | |c 15 D |h 810 G-7c |2 z | ||
